02431nkc a2200349za 450000100060000000300040000600500170001000700070002700800410003404000240007510000330009924500720013226000240020430001000022850001310032850001920045950000650065150001340071650001690085050001150101950400520113450500690118651001510125551002100140656101310161661000680174765100190181565500320183470000530186685200120191985601500193184451OSt20260318122232.0kh boc250410s19101911sp ||||| |||| 00| i|spa d aM-RABAbspacM-RABA1 aElorza, Lorenzod(1861-1931)10aEstíbalizb: Capiteles del crucero lado de la Epístolac/ L. E. c[ca. 1910 – 1911] a1 fotografíab: gelatina de platac; imagen 12 x 16,5 cmc; soporte secundario 21,5 x 26,5 cm aVista de los capiteles decorados del crucero en el lado de la epístola de la basílica de Nuestra Señora de Estíbaliz.  aFotografía montada sobre soporte secundario de cartulina azul enmarcada con orla en relieve. Título y numeración manuscrita que hace referencia a la posición en la serie “71”. aSello con monograma del fotógrafo en tinta roja “L.E.” aFechas tomadas de la ejecución del positivo de las fotografías, incluido el soporte secundario. (Soto Madrazo, Javier. 2008). aForma parte de un conjunto de 167 fotografías empleadas por Federico Baráibar Zumárraga para la elaboración del Inventario del Románico en Álava (1911). aDesperfectos tanto en el soporte secundario como en la imagen con un doblez que deja roturas en la emulsión. aBaraibar, F.: "Rincones artísticos", M. 1914. aEstivariz.- Capiteles del crucero lado de la Epístola. / L. E. aDescripción tomada de: Soto Madrazo, Javier (2008). Federico Baraibar y el Inventario del Románico en Álava: una caja con 167 fotografías. aEsta colección fue utilizada posteriormente por Cristóbal de Castro para la elaboración y publicación del "Catálogo Monumental de España: provincia de Álava", Madrid, S. de Rivadeneira, 1915. aDonadas junto con la memoria manuscrita a la Academia por el mismo Baraibar (Sesión 12 de febrero de 1912, Archivo: 4-32-1)v27aSantuario de Santa María de Estíbaliz (cÁlava, España) 7aÁlava2embne 0aFotografías de monumentos1 aBaráibar y Zumárraga, Federico d(1851-1918) jFot-180 3Fot-180uhttps://archivoybiblioteca.realacademiabellasartessanfernando.com/cgi-bin/koha/opac-retrieve-file.pl?id=cfc5fd32ace5a3ca6cc3cce5f2f8226b